|
|
|
|
| LEADER |
00000nam0a2200000 4500 |
| 001 |
311209 |
| 005 |
20231102002350.0 |
| 010 |
|
|
|a 9785392195763
|
| 035 |
|
|
|a (RuTPU)RU\TPU\book\336566
|
| 090 |
|
|
|a 311209
|
| 100 |
|
|
|a 20151204d2016 m y0rusy50 ca
|
| 101 |
0 |
|
|a rus
|
| 102 |
|
|
|a RU
|
| 105 |
|
|
|a y j 001zy
|
| 200 |
1 |
|
|a Бухгалтерский учет
|e учебно-практическое пособие
|f А. С. Аветисян
|
| 210 |
|
|
|a Москва
|c Проспект
|d 2016
|
| 215 |
|
|
|a 303 с.
|
| 330 |
|
|
|a Данное учебно-практическое пособие раскрывает сущность современного бухгалтерского учета, описывает основные способы его организации на отдельных участках финансово-хозяйственной деятельности предприятия в соответствии с действующей методологией и нормативными документами.В целях лучшего усвоения материала к каждой теме разработаны практические ситуации и задачи по организации учетной работы предприятия, а также вопросы и тесты для контроля и оценки знаний студентов.Настоящее учебно-практическое пособие окажет помощь студентам экономических специальностей в освоении данной дисциплины и в систематизации полученных знаний.
|
| 606 |
1 |
|
|a Бухгалтерский учет
|2 stltpush
|3 (RuTPU)RU\TPU\subj\30744
|9 53805
|
| 610 |
1 |
|
|a теория
|
| 610 |
1 |
|
|a вложения
|
| 610 |
1 |
|
|a внеоборотные активы
|
| 610 |
1 |
|
|a финансирование
|
| 610 |
1 |
|
|a основные средства
|
| 610 |
1 |
|
|a нематериальные активы
|
| 610 |
1 |
|
|a производственные запасы
|
| 610 |
1 |
|
|a денежные средства
|
| 610 |
1 |
|
|a дебиторская задолженность
|
| 610 |
1 |
|
|a капитал
|
| 610 |
1 |
|
|a расчеты
|
| 610 |
1 |
|
|a доходы
|
| 610 |
1 |
|
|a расходы
|
| 610 |
1 |
|
|a финансовые результаты
|
| 610 |
1 |
|
|a финансовая отчетность
|
| 610 |
1 |
|
|a учебные пособия
|
| 610 |
1 |
|
|a практические пособия
|
| 675 |
|
|
|a 657.22(075.8)
|v 4
|
| 700 |
|
1 |
|a Аветисян
|b А. С.
|g Аветисян Ануш
|
| 801 |
|
1 |
|a RU
|b 63413507
|c 20151204
|
| 801 |
|
2 |
|a RU
|b 63413507
|c 20160226
|g RCR
|
| 900 |
|
|
|a Бухгалтерский учет
|
| 942 |
|
|
|c BK
|
| 959 |
|
|
|a 152/20151203
|d 1
|e 450,00
|f ЧЗГЛ:1
|